[Event "Stockholm Cramling op"]
[Site "Stockholm"]
[Date "2018.09.02"]
[Round "6"]
[White "Puuska, Heini"]
[Black "Lindberg, Cajsa"]
[Result "1-0"]
[WhiteElo "1961"]
[BlackElo "1625"]
[PlyCount "83"]
[EventDate "2018.09.01"]
[EventType "swiss"]
[EventRounds "7"]
[EventCountry "SWE"]
[SourceTitle "CBM 186 Extra"]
[Source "ChessBase"]
[SourceDate "2018.08.24"]
[SourceVersion "1"]
[SourceVersionDate "2018.08.24"]
[SourceQuality "1"]

1. d4 d5 2. Bg5 Nf6 3. Bxf6 exf6 4. e3 Bd6 5. g3 0-0 6. Bg2 c6 7. Ne2 Nd7 8. 0-0 f5 9. b3 Nf6 10. c4 Rb8 11. Nbc3 Be6 12. cxd5 Nxd5 13. Nxd5 Bxd5 14. Bxd5 cxd5 15. Qd3 g6 16. Qb5 Bc7 17. Nc3 a6 18. Qxd5 Qf6 19. Rac1 Rfd8 20. Qf3 Qd6 21. Rc2 Ba5 22. Na4 Bb4 23. Nc5 Qe7 24. Nd3 Bd6 25. Rc4 Bc7 26. Rfc1 Bb6 27. Nf4 Qd6 28. h4 h5 29. Nd3 Re8 30. Nc5 Qe7 31. R1c2 Red8 32. Na4 Ba5 33. Rc5 b5 34. Nb2 Bb6 35. Rc6 Qa3 36. Nd3 a5 37. Nf4 Qe7 38. Nd5 Rxd5 39. Qxd5 a4 40. Rc8+ Rxc8 41. Rxc8+ Kg7 42. Qxb5 1-0